Grundgesetz = Loi fondamentale
| Subtitles: | Loi fondamentale |
|---|---|
| Corporate Author: | |
| Contributors: | |
| Format: | Print Book |
| Language: | German French |
| Subito Delivery Service: | Order now. |
| Check availability: | HBZ Gateway |
| Interlibrary Loan: | Interlibrary Loan for the Fachinformationsdienste (Specialized Information Services in Germany) |
| Published: |
Saarbrücken
Centre d'Études Juridiques Françaises, Univ. des Saarlandes
1990
|
| In: |
Etudes et documents du c.e.j.f. (3)
Year: 1990 |
| Edition: | 2., neubearb. Aufl. (éd. synoptique bilingue) |
| Series/Journal: | Etudes et documents du c.e.j.f.
3 |
MARC
| LEADER | 00000cam a22000002c 4500 | ||
|---|---|---|---|
| 001 | 1167892178 | ||
| 003 | DE-627 | ||
| 005 | 20220612115016.0 | ||
| 007 | tu | ||
| 008 | 020320s1990 xx ||||| 00| ||ger c | ||
| 035 | |a (DE-627)1167892178 | ||
| 035 | |a (DE-576)097892173 | ||
| 035 | |a (DE-599)BSZ097892173 | ||
| 040 | |a DE-627 |b ger |c DE-627 |e rakwb | ||
| 041 | |a ger |a fre | ||
| 084 | |a MG 15060 |2 rvk |0 (DE-625)rvk/122818:12040 | ||
| 084 | |a BR 8750 |2 rvk |0 (DE-625)rvk/16016: | ||
| 084 | |a PL 383 |2 rvk |0 (DE-625)rvk/136985: | ||
| 084 | |a AP 18800 |2 rvk |0 (DE-625)rvk/7056: | ||
| 084 | |a PR 2213 |2 rvk |0 (DE-625)rvk/139532: | ||
| 084 | |a PL 203 |2 rvk |0 (DE-625)rvk/136926: | ||
| 084 | |a ME 4900 |2 rvk |0 (DE-625)rvk/122613: | ||
| 084 | |a PL 370 |2 rvk |0 (DE-625)rvk/136970: | ||
| 084 | |a PL 374 |2 rvk |0 (DE-625)rvk/136974: | ||
| 084 | |a MG 24050 |2 rvk |0 (DE-625)rvk/122827:12039 | ||
| 084 | |a PL 373 |2 rvk |0 (DE-625)rvk/136973: | ||
| 084 | |a MG 15050 |2 rvk |0 (DE-625)rvk/122818:12039 | ||
| 084 | |a PS 4080 |2 rvk |0 (DE-625)rvk/139832: | ||
| 084 | |a MG 23050 |2 rvk |0 (DE-625)rvk/122826:12039 | ||
| 084 | |a PL 457 |2 rvk |0 (DE-625)rvk/137046: | ||
| 110 | 2 | |0 (DE-588)4011889-7 |0 (DE-627)104732423 |0 (DE-576)208896201 |4 aut |a Deutschland |g Bundesrepublik | |
| 240 | 1 | 0 | |a Verfassung <1949.05.23> |
| 245 | 1 | 0 | |a Grundgesetz |b = Loi fondamentale |c Christian Autexier ... |
| 246 | 3 | 1 | |a Loi fondamentale |
| 246 | 3 | 3 | |a Loi fondamentale |
| 250 | |a 2., neubearb. Aufl. (éd. synoptique bilingue) | ||
| 264 | 1 | |a Saarbrücken |b Centre d'Études Juridiques Françaises, Univ. des Saarlandes |c 1990 | |
| 300 | |a 123 S. | ||
| 336 | |a Text |b txt |2 rdacontent | ||
| 337 | |a ohne Hilfsmittel zu benutzen |b n |2 rdamedia | ||
| 338 | |a Band |b nc |2 rdacarrier | ||
| 490 | 1 | |a Etudes et documents du c.e.j.f. |v 3 | |
| 700 | 1 | |e Hrsg. |0 (DE-588)1080912460 |0 (DE-627)845377957 |0 (DE-576)453819958 |4 edt |a Autexier, Christian |d 1944-2011 | |
| 810 | 2 | |a Centre d'Etudes Juridiques Françaises |t Etudes et documents du c.e.j.f. |v 3 |9 3,2 |w (DE-627)1091268916 |w (DE-576)021268916 |7 am | |
| 935 | |a mteo | ||
| 936 | r | v | |a MG 15060 |b Juristische Abhandlungen |k Politologie |k Politische Systeme einzelner Länder |k Europa, Nordamerika |k Westeuropa, Mitteleuropa |k Bundesrepublik Deutschland |k Bundesrepublik Deutschland |k Juristische Abhandlungen |0 (DE-627)1271515253 |0 (DE-625)rvk/122818:12040 |0 (DE-576)201515253 |
| 936 | r | v | |a BR 8750 |b Deutsches Bundesrecht und ehemaliges Reichsrecht |k Theologie und Religionswissenschaften |k Kirchenrecht |k Staatliches Recht |k Deutsches Bundesrecht und ehemaliges Reichsrecht |0 (DE-627)1270755137 |0 (DE-625)rvk/16016: |0 (DE-576)200755137 |
| 936 | r | v | |a PL 383 |b Rechtsstaat |k Rechtswissenschaft |k Staatsrecht und Verfassungsgeschichte |k Staatsrecht und Verfassungsrecht |k Das Staatsrecht der Bundesrepublik Deutschland |k Staatsform |k Rechtsstaat |0 (DE-627)1271267187 |0 (DE-625)rvk/136985: |0 (DE-576)201267187 |
| 936 | r | v | |a AP 18800 |b Recht |k Allgemeines |k Medien- und Kommunikationswissenschaften, Medienkulturwissenschaft, Kommunikationsdesign |k Recht |0 (DE-627)1270685422 |0 (DE-625)rvk/7056: |0 (DE-576)200685422 |
| 936 | r | v | |a PR 2213 |b Menschenrecht, Bürgerrecht, Grundrecht, Kinderschutz, Kinderrechtskonvention |k Rechtswissenschaft |k Völkerrecht |k Einzelgebiete des Völkerrechts im Frieden |k Menschenrecht, Bürgerrecht, Grundrecht, Kinderschutz, Kinderrechtskonvention |0 (DE-627)1270708325 |0 (DE-625)rvk/139532: |0 (DE-576)200708325 |
| 936 | r | v | |a PL 203 |b Texte, Materialien |k Rechtswissenschaft |k Staatsrecht und Verfassungsgeschichte |k Allgemeines |k Texte, Materialien |0 (DE-627)1271266784 |0 (DE-625)rvk/136926: |0 (DE-576)201266784 |
| 936 | r | v | |a ME 4900 |b Texte von Verfassungen (Sammlungen) |k Politologie |k Politische Systeme: Allgemeines und Vergleich |k Demokratie, westliches politisches System |k Texte von Verfassungen (Sammlungen) |0 (DE-627)1271427729 |0 (DE-625)rvk/122613: |0 (DE-576)201427729 |
| 936 | r | v | |a PL 370 |b Besatzungsrecht nach dem Zweiten Weltkrieg |k Rechtswissenschaft |k Staatsrecht und Verfassungsgeschichte |k Staatsrecht und Verfassungsrecht |k Besatzungsrecht nach dem Zweiten Weltkrieg |0 (DE-627)1271267101 |0 (DE-625)rvk/136970: |0 (DE-576)201267101 |
| 936 | r | v | |a PL 374 |b Kommentare |k Rechtswissenschaft |k Staatsrecht und Verfassungsgeschichte |k Staatsrecht und Verfassungsrecht |k Das Staatsrecht der Bundesrepublik Deutschland |k Allgemeines |k Kommentare |0 (DE-627)1270879065 |0 (DE-625)rvk/136974: |0 (DE-576)200879065 |
| 936 | r | v | |a MG 24050 |b Verfassungs- und Gesetzestexte |k Politologie |k Politische Systeme einzelner Länder |k Europa, Nordamerika |k Westeuropa, Mitteleuropa |k Bundesrepublik Deutschland |k Rheinland-Pfalz |k Verfassungs- und Gesetzestexte |0 (DE-627)1272676226 |0 (DE-625)rvk/122827:12039 |0 (DE-576)202676226 |
| 936 | r | v | |a PL 373 |b Texte, Materialien, Dokumentationen, Sammelwerke |k Rechtswissenschaft |k Staatsrecht und Verfassungsgeschichte |k Staatsrecht und Verfassungsrecht |k Das Staatsrecht der Bundesrepublik Deutschland |k Allgemeines |k Texte, Materialien, Dokumentationen, Sammelwerke |0 (DE-627)1270882457 |0 (DE-625)rvk/136973: |0 (DE-576)200882457 |
| 936 | r | v | |a MG 15050 |b Verfassungs- und Gesetzestexte |k Politologie |k Politische Systeme einzelner Länder |k Europa, Nordamerika |k Westeuropa, Mitteleuropa |k Bundesrepublik Deutschland |k Bundesrepublik Deutschland |k Verfassungs- und Gesetzestexte |0 (DE-627)1270877135 |0 (DE-625)rvk/122818:12039 |0 (DE-576)200877135 |
| 936 | r | v | |a PS 4080 |b Allgemeines |k Rechtswissenschaft |k Europarecht; Recht der Europäischen Gemeinschaften bzw. der Europäischen Union und der sonstigen europäischen Organisationen; Europäische Rechtsvereinheitlichung |k Europarat |k Europäische Menschenrechtskonvention (BF Menschenrechtskonvention <1950>) |k Allgemeines |0 (DE-627)1271436450 |0 (DE-625)rvk/139832: |0 (DE-576)201436450 |
| 936 | r | v | |a MG 23050 |b Verfassungs- und Gesetzestexte |k Politologie |k Politische Systeme einzelner Länder |k Europa, Nordamerika |k Westeuropa, Mitteleuropa |k Bundesrepublik Deutschland |k Nordrhein-Westfalen |k Verfassungs- und Gesetzestexte |0 (DE-627)1271640732 |0 (DE-625)rvk/122826:12039 |0 (DE-576)201640732 |
| 936 | r | v | |a PL 457 |b Nordrhein-Westfalen |k Rechtswissenschaft |k Staatsrecht und Verfassungsgeschichte |k Staatsrecht und Verfassungsrecht |k Das Landesverfassungsrecht |k Nordrhein-Westfalen |0 (DE-627)127108287X |0 (DE-625)rvk/137046: |0 (DE-576)20108287X |
| 951 | |a BO | ||
| CAN | |a 1 | ||
| ELC | |b 1 | ||
| ORI | |a SA-MARC-ixtheo_oa001.raw | ||
| SUB | |a CAN | ||